|
|
|
|
| LEADER |
00000nnm a2200000 i 4500 |
| 001 |
dolg17411 |
| 005 |
20180912101435.0 |
| 008 |
180517suuuu hu o 000 hun d |
| 040 |
|
|
|a BGE Dolgozattár Repozitórium
|b hun
|
| 041 |
|
|
|a hu
|
| 100 |
1 |
|
|a Knausz Aletta Flóra
|
| 245 |
1 |
3 |
|a Az értékesítés lehetőségei és határai az Aegon Lakástakarékpénztár Zrt-nél. Az értékesítés fejlődésének elemzése a fejlődésre ható tényezők alapján.
|c Knausz Aletta Flóra
|h [elektronikus dokumentum]
|
| 246 |
1 |
1 |
|a Az értékesítés lehetőségei és határai az Aegon Lakástakarékpénztár Zrt-nél. Az értékesítés fejlődésének elemzése a fejlődésre ható tényezők alapján.
|
| 516 |
|
|
|a Project_work
|
| 695 |
|
|
|a Aegon
|
| 695 |
|
|
|a Lakástakarék
|
| 700 |
1 |
|
|a Katz György
|e ths
|
| 856 |
4 |
0 |
|u http://dolgozattar.uni-bge.hu/17411/1/Knausz%20Anett%20Fl%C3%B3ra%20projektmunka.pdf
|z Dokumentum-elérés
|